00245nam a2200097Ia 4500008004100000082001200041100001800053245005900071260000900130300000800139190415s9999 xx 000 0 und d aRE.0010 aEswaraiah, G. 0aFolklore of four nomadic communities in Andhra pradesh c1992 a200